| 000 | 02135nam a2200373 i 4500 | ||
|---|---|---|---|
| 999 |
_c65615 _d65615 |
||
| 001 | 768714001 | ||
| 003 | CO-MdFUSB | ||
| 005 | 20200604220351.0 | ||
| 007 | ta | ||
| 008 | 200402t2001 -us |||| |||| 00| 0 eng d | ||
| 020 | _a9781589830110 | ||
| 040 |
_aCO-MdFUSB _bspa _cCO-MdFUSB _dCO-MdFUSBC _erda |
||
| 041 | _aeng | ||
| 082 |
_223 _a227.06 _bP323 |
||
| 245 |
_aPaul and pathos _c/ editado por Thomas H Olbricht , Jerry L Sumney |
||
| 264 | 1 |
_aEstados Unidos : _bSociety of Biblical Literature, _c[2001] |
|
| 264 | 4 | _c© 2001 | |
| 300 |
_a245 páginas _c; 23 cm |
||
| 336 |
_2rdacontent _atexto _btxt |
||
| 337 |
_2rdamedia _asin mediación _bn |
||
| 338 |
_2rdacarrier _avolumen _bnc |
||
| 490 | 1 | _aSymposium series (Society of Biblical Literature), | |
| 500 | _aColección Dawn Christina Harrell | ||
| 505 | _aAntecedentes y método. Pathos como prueba en la retórica grecorromana / Thomas H. Olbricht. Los afectos del alma: pathos, protréptico y predicación en el pensamiento helenístico / Carol Poster. [Pathē] en Paul: la lógica emocional del "argumento original" / Steven J. Kraftchick. -- Pathos en textos paulinos. Pathos en romanos? : en su mayoría observaciones preliminares / Leander E. Keck. "Por medio de la hipérbole" (1 Cor 12: 31b) / Lauri Thurén. Miedo a la condenación eterna: apelación pathos en 1 Corintios 15 y 16 / Anders Eriksson. El argumento de Paul del pathos en 2 Corintios / James W. Thompson. El uso de Paul de [pathos] en su argumento contra los oponentes de 2 Corinthians / Jerry L. Sumney. "A través de muchas lágrimas" (2 Cor 2: 4): la carta de duelo de Pablo y la ocasión de 2 Corintios 1-7 / David E. Fredrickson. La voz de la emoción: la persuasión patética de Pablo (Gal 4: 12-20) / Troy W. Martin. | ||
| 563 | _aRústico | ||
| 630 | 7 |
_aBiblia. _pEpístolas Paulinas _xCrítica, interpretación, etc. |
|
| 650 | 0 |
_916 _aBiblia |
|
| 700 |
_93239 _aOlbricht, Thomas. _eeditor |
||
| 700 |
_93240 _aSumney, Jerry. _eeditor |
||
| 830 |
_aSymposium series (Society of Biblical Literature), _v16 |
||
| 942 | _cBK | ||
| 945 |
_aJTF-925 _bAEM-53 |
||